100 communes les plus peuplées de PACA - Statistiques

Statistiques générales
  • Ce quiz a été pris 352 fois
    342 depuis la dernière actualisation
  • Le résultat moyen est 38 sur 100
Statistiques - réponses
Réponse % Correct
Marseille
99%
Nice
97%
Cannes
94%
Toulon
92%
Aix-en-Provence
90%
Avignon
89%
Gap
81%
Antibes
79%
Fréjus
77%
Hyères
75%
Menton
75%
Arles
72%
Digne-les-Bains
72%
Aubagne
71%
Saint-Raphaël
70%
Martigues
68%
Grasse
65%
Draguignan
64%
Istres
63%
Orange
63%
La Ciotat
62%
La-Seyne-sur-mer
60%
Salon-de-Provence
60%
Carpentras
59%
Manosque
59%
Marignane
58%
Vitrolles
56%
Cagnes-sur-mer
54%
Cavaillon
51%
Briançon
50%
Sainte-Maxime
46%
Apt
43%
Brignoles
43%
Le Cannet
43%
Miramas
43%
Pertuis
42%
Saint-Laurent-du-Var
40%
Fos-sur-Mer
37%
Allauch
36%
Gardanne
35%
La Garde
35%
Mandelieu-la-Napoule
35%
Sanary-sur-mer
35%
Mougins
33%
Sorgues
32%
Tarascon
31%
Les Pennes-Mirabeau
30%
L'Isle-sur-la-Sorgue
30%
Six-Fours-les-Plages
30%
Vallauris
30%
Berre-l'étang
29%
Vence
29%
Villeneuve-Loubet
28%
Bollène
27%
Le Pontet
27%
Saint-Maximin-la-Sainte-Baume
27%
Ollioules
26%
Saint-Cyr-sur-Mer
26%
Bouc-Bel-Air
25%
Chateaurenard
25%
La Crau
23%
La Valette-du-Var
23%
Le Luc
23%
Port-de-bouc
23%
Roquebrune-sur-Argens
23%
Roquebrune-Cap-Martin
22%
Saint-Rémy-de-Provence
22%
Carqueiranne
21%
Cogolin
21%
Le Muy
21%
Trets
21%
Biot
20%
Chateauneuf-les-Martigues
20%
Plan-de-Cuques
20%
Saint-Martin-de-Crau
20%
Beausoleil
19%
Carros
19%
Rognac
19%
Septèmes-les-Vallons
19%
Solliès-Pont
19%
Valbonne
19%
Vidauban
19%
Cabriès
18%
Le Pradet
18%
La Trinité
17%
Valréas
16%
Auriol
15%
Cuers
15%
La Londe-les-Maures
15%
Mouans-Sartoux
15%
Pélissanne
15%
Monteux
14%
Vedène
14%
Lambesc
12%
Gignac-la-Nerthe
11%
Pernes-les-Fontaines
11%
Le Beausset
10%
Lorgues
10%
La Farlède
9%
Fuveaux
4%
Aucun quiz correspondant
Distribution des résultats
% des personnes avec chaque résultat
Percentile par nombre de réponses
Votre historique - résultats
Vous n’avez pas pris ce quiz depuis la dernière actualisation